000 00678nam a2200205Ia 4500
999 _c9987
_d9987
003 OSt
005 20191217104122.0
008 190216s9999||||xx |||||||||||||| ||und||
020 _a9788186562420
040 _coclc
082 _a338.954
_bGAU/D
100 _aGaur, K D
_9506
245 0 _aDynamics Of Indian Economy /
_cK D Gaur
250 _a1st ed.
260 _bManak Publications Pvt Ltd,
_c1998.
_aDelhi:
300 _a452p
505 _av.1 Macroeconomic policies in India,--v.2 Agriculture & Industrial development in India,--v.3 Socioeconomic development in India.
650 _aEconomics
942 _cBK
_2ddc
_h338.954
_iGAU/D
_k338.954
_mGAU/D